LEADER 01016nam0-2200349---450- 001 990004618540403321 005 20140723105742.0 010 $a3-7861-1319-X 035 $a000461854 035 $aFED01000461854 035 $a(Aleph)000461854FED01 035 $a000461854 100 $a19990604d1989----km-y0itay50------ba 101 0 $ager 102 $aDE 105 $af---b---001yy 200 1 $a<>griechischen Urkundenreliefs$fMarion Meyer 210 $aBerlin$cMann$d1989 215 $aXII, 344 p., 56 c. di tav.$cill.$d28 cm 225 1 $aMitteilungen des Deutschen Archäologischen Institut$iAthenische Abteilung$v13 610 0 $aRilievi greci$aCataloghi 610 0 $aEpigrafia greca 676 $a733.3$v22 676 $a930.1$v22 700 1$aMeyer,$bMarion$0183347 801 0$aIT$bUNINA$gRICA$2UNIMARC 901 $aBK 912 $a990004618540403321 952 $a930.1 DAIA 13$bBibl.10390$fFLFBC 959 $aFLFBC 996 $aGriechischen Urkundenreliefs$986351 997 $aUNINA LEADER 01085nam--2200385---450- 001 990003280400203316 005 20090625085334.0 010 $a0-415-90216-9 035 $a000328040 035 $aUSA01000328040 035 $a(ALEPH)000328040USA01 035 $a000328040 100 $a20090625d1990----km-y0itay50------ba 101 $aeng 102 $aUS 105 $a||||||||001yy 200 1 $a<> philosophy of horror, or, Paradoxes of the heart$fNoël Carroll 210 $aNew York$aLondon$cRoutledge$dcopyr. 1990 215 $aXI, 256 p.$d23 cm 410 0$12001 454 1$12001 461 1$1001-------$12001 606 0 $aFilm dell'orrore 606 $aLetteratura dell'orrore 676 $a809.916 700 1$aCARROLL,$bNöel$0458542 801 0$aIT$bsalbc$gISBD 912 $a990003280400203316 951 $b4958 DSLL$aVII.5.72 959 $aBK 969 $aDSLL 979 $aDSLL$b90$c20090625$lUSA01$h0852 979 $aDSLL$b90$c20090625$lUSA01$h0853 996 $aPhilosophy of horror ; or, Paradoxes of the heart$9913762 997 $aUNISA LEADER 01198nam--2200373---450- 001 990003523510203316 005 20110427140300.0 010 $a978-90-420-1534-0 035 $a000352351 035 $aUSA01000352351 035 $a(ALEPH)000352351USA01 035 $a000352351 100 $a20110420d2001----km-y0itay50------ba 101 0 $aeng 102 $aNL 105 $a||||||||001yy 200 1 $aTelling stories$epostcolonial short fiction in english$fedited by Jacqueline Bardolph$gfinalized for publicationm by André Viola with Jean-Pierre Durix 210 $aAmsterdam$aAtlanta$cRodopi$d2001 215 $aXIII, 477 p.$d23 cm 606 0 $aRacconti inglesi$yPaesi ex-coloniali$zSec. 20.$2BNCF 676 $a823.0109 702 1$aBARDOLPH,$bJacqueline 702 1$aVIOLA,$bAndré 702 1$aDURIX,$bJean-Pierre 801 0$aIT$bsalbc$gISBD 912 $a990003523510203316 951 $aVII.3.B. 2154$b5289 L.G.$cVII.3.B.$d00296090 959 $aBK 969 $aUMA 979 $aPASSARO$b90$c20110420$lUSA01$h1206 979 $aPASSARO$b90$c20110420$lUSA01$h1209 979 $aCHIARA$b90$c20110427$lUSA01$h1403 996 $aTelling stories$91113345 997 $aUNISA